000 00745nam a2200205Ii 4500
003 JO-AjNU
008 230605s9999||||xx |||||||||||||| ||und||
040 _aJO-AjNU
_bara
_erda
_cJO-AjNU
041 _aara
050 1 4 _aDK288.P8412 1993
100 3 _aبوكوفسكي، فلاديمير؛ ترجمة جديد، فؤاد,
_eauthor
_939309
245 0 0 _aالإتحاد السوفييتي من اليونوبيا الى الكارثة
250 _aط1
264 3 1 _aدمشق: دار المستقبل، 1993
300 _a227ص
336 _atext
_btxt
_2rdacontent
337 _aunmediated
_bn
_2rdamedia
338 _avolume
_bnc
_2rdacarrier
650 4 _aالاتحاد السوفييتي- التاريخ-القرن العشرين
_939310
999 _aA16591
_c20159
_d20159